Schwara, Desanka, 1959-. "Ojfn weg schtejt a bojm". - Köln [u.a.] : Böhlau. - 1999 [Rezension]

Titel: Schwara, Desanka, 1959-. "Ojfn weg schtejt a bojm". - Köln [u.a.] : Böhlau. - 1999 [Rezension]
Verfasser:
In: Judaica, Band 56 (2000), Seite 62-63
alle Artikel anzeigen
Veröffentlicht: 2000
Format: Aufsatz
Sprache: Deutsch
Kein Bild verfügbar
X
alg: 39496479
001A    $01999:12-11-16 
001B    $01999:04-08-21 $t21:00:36.000 
001C    $06050:23-02-17 $t16:44:27.000 
001D    $01999:12-11-16 
001U    $0utf8 
001X    $00 
002@    $0Aox 
003@    $0394964799 
007A    $0394964799 $aHEB 
007T    $0Herdd00656 
010@    $ager 
011@    $a2000 
021A    $aSchwara, Desanka, 1959-. "Ojfn weg schtejt a bojm". - Köln {[u.a.] : Böhlau. -  1999 [Rezension] 
028A    $aDomhardt $dYvonne 
031A    $d56 $h62-63 $j2000 
039B    $aIn $8--Abvc--. Judaica. - Zürich : Zürcher Institut für Interreligiösen Dialog (ZIID), 1945-[2018]. - ISSN 0022-572X $x200000000560000938 $9047669764 
039T    $8--Aau--Schwara, Desanka$Z1959- [Tp1]. "Ojfn weg schtejt a bojm". - Köln {[u.a.] : Böhlau, 1999. - 489 S.. - Ill.. - ISBN 3-412-07898-0 $9071947086 
045F    $a900.94793 $eDDC23BSB 
045F/01 $a900 
045F/03 $g4793 
045F/03 $g438 
045T    $a7,7 $a1 $a0 
045T    $aJUDAICA $qDE-30 $2FID 

lok: 39496479 78

exp: 39496479 78 1 #EPN
201B/01 $018-11-16 $t13:17:13.000 
201U/01 $0utf8 
203@/01 $0791263363 
208@/01 $a12-11-16 $be 
209A/01 $a/ $f000 $x00 
220C/01 $aTitelaufnehmer: dt 
244Z/01 $2Trx $#Poola $#Lenkija $#Polija $#Polen Land $#Poland $#Lengyelország $#Poľsko $#Polsko $8--Trx--Polska$gkraj $x01 $9391345966 
244Z/01 $2Trx $#Litauen $#Lithuania $#Litwa $#Litva $#Litva $8--Trx--Lietuva $x02 $9391193457 
244Z/01 $2Trx $#arvustused $#recenzijos $#Reviews $#recenziók $#recenzje $#recenzie $#recenze $8--Trx--Rezensionen $x03 $9391357441 
247C/01 $82080>Marburg/Lahn, Herder-Institut, Forschungsbibliothek, Bibliographieportal $9336309341
LEADER 00000caa a22000002c 4500
001 394964799
003 DE-603
005 20210804210036.0
007 tu
008 161112s2000 xx |||| | u00||u|ger c
035 |a (DE-599)HEB394964799 
040 |a DE-603  |b ger  |c DE-603  |d DE-603 
041 |a ger 
082 0 4 |8 1\u  |a 900.94793  |q DE-101  |2 23/BSB 
084 |a 7,7  |a 1  |a 0  |2 ssgn 
084 |a JUDAICA  |q DE-30  |2 fid 
085 |8 1\u  |b 900 
085 |8 1\u  |z 2  |s 4793 
085 |8 1\u  |z 2  |s 438 
100 1 |a Domhardt, Yvonne 
245 0 0 |a Schwara, Desanka, 1959-. "Ojfn weg schtejt a bojm". - Köln ˜[u.a.] œ: Böhlau. - 1999 [Rezension] 
264 0 |c 2000 
773 0 8 |i In  |t Judaica  |d Zürich : Zürcher Institut für Interreligiösen Dialog (ZIID), 1945-[2018]  |x 0022-572X  |g Band 56 (2000), Seite 62-63  |w (DE-603)047669764  |w (DE-600)501373-2 
787 0 8 |i Rezension von  |a Schwara, Desanka, 1959-  |t "Ojfn weg schtejt a bojm"  |d Köln ˜[u.a.] œ: Böhlau, 1999  |h 489 S., Ill.  |z 3412078980  |w (DE-603)071947086 
924 0 |9 2080  |a (DE-603)791263363  |b DE-2080  |c HES  |d d  |g /